Xenoblade Chronicles Character Quiz - Statistics

General Stats
  • This quiz has been taken 181 times
  • The average score is 23 of 31
Answer Stats
# Character Description Character % Correct
#1 Wielder of the Monado Shulk
100%
#6 Legendary Heropon Riki
99%
#4 Older brother of #3, Hero of the Battle of Sword Valley Dunban
98%
#3 Another childhood friend of #1, uses two knives to fight Fiora
98%
#7 Princess of the High Entia Melia
97%
#2 Friend of #1, member of Colony 9 Defense Force Reyn
96%
#5 Healer from Colony 6 who uses an Ether Rifle Sharla
96%
#10 Mechon of #9 Metal Face
92%
#8 Mentor of #1, discovered the Monado in Ose Tower Dickson
91%
#11 Little brother of #5 Juju
88%
#27 God of Bionis Zanza
88%
#19 Divine Seer who works with the High Entia Alvis
87%
#9 Fought with #4 and #8 at Sword Valley Mumkhar
82%
#23 The leader of the Mechon assault on Bionis Egil
80%
#28 Goddess of Mechonis Meyneth
80%
#31 Male Scientist, human form of #27 Klaus
73%
#12 Colony 6 Defense Force member, engaged to #5 Gadolt
71%
#18 Prince of the High Entia Kallian
70%
#13 Colony 6 Defense Force leader Otharon
70%
#21 Faced Mechon who kidnaps #11 at Colony 6 Xord
70%
#20 Agent of the Bionite Order working for #17 Tyrea
66%
#16 Emperor of the High Entia Sorean
60%
#22 Advisor to the High Entia king, member of the Trinity Lorithia
59%
#24 Sister of #23, helped to resurrect #28 Vanea
59%
#15 Chief of the Nopon Dunga
53%
#32 Female Scientist, true form of #28 Galea
53%
#14 Colony 9 Defense Force leader, AKA "Square-tasche" Vangarre
53%
#29 True name of the giant chained on Prison Island Arglas
48%
#25 King of the Machina Miqol
45%
#17 Empress of the High Entia Yumea
43%
#26 Machina healer Linada
40%
No matching quizzes found
Score Distribution
Percent of People with Each Score
Percentile by Number Answered
Your Score History
You have not taken this quiz